Statistics for Six Flags St. Louis Roller Coasters

Click here to take the quiz!

General Stats

  • This quiz has been taken 18 times
  • The average score is 6 of 10

Answer Stats

HintAnswer% Correct
2000The Boss
81%
1995BATMAN: The Ride
75%
1989Ninja
75%
1976Screaming Eagle
75%
2008American Thunder
56%
2013Boomerang
56%
2007Pandemonium
50%
1998MR FREEZE Reverse Blast
44%
1971River King Mine Train
25%
2023Rookie Racer
19%

Score Distribution

Percentile by Number Answered

Percent of People with Each Score

Your Score History

You have not taken this quiz